| 000 | 00514nam a2200181 a 4500 | ||
|---|---|---|---|
| 005 | 20221118063531.0 | ||
| 008 | 991125s1939 bar 000 0 spa u | ||
| 035 | _aUPN01000035180 | ||
| 049 | _aLT | ||
| 050 | 4 |
_aLB1573 M6 _bM4.4 |
|
| 100 | 1 | _aMedina, Miguel | |
| 245 | 1 | 3 |
_aEl libro de los niños / _cMiguel Medina. |
| 260 |
_aBarcelona, Esp. : _bR. Sopena, _c1939. |
||
| 300 |
_a56 p. : _bil. |
||
| 440 | 0 | _aBiblioteca para niños | |
| 650 | 4 |
_aLectura _xEstudio y enseñanza (Elemental) _92805 |
|
| 905 | _aLibro | ||
| 999 |
_c35180 _d35180 |
||